000 01206pam a2200385 a 4500
001 8487
003 FISKH
005 20250915152539.0
008 980430s1998 nyua b 000 1 eng
010 _a 98007782
020 _a0590522809
_qpbk.
020 _a9780590522809
_q(pbk.)
020 _a9780590522809
035 _a4978488
040 _aDLC
_cDLC
_dDLC
_beng
050 _aPZ7.B786116 L
082 _a 504
100 1 _aBrodkin, Adele M.
245 1 4 _aThe lonely only dog /
_cby Adele M. Brodkin ; illustrated by Larry Di Fiori.
260 _aNew York :
_bScholastic,
_c1998.
300 _a30 unnumbered pages :
_bcolor illustrations ;
_c23 cm
440 0 _aHello reader!
_nLevel 3
500 _a"Cartwheel books."
505 _aJ
520 _aA dog who longs for someone to play with finds out how good life is as an only pet when another dog comes to visit.
521 _a460
_bLexile AD
521 _aJ
_bRaz-Plus
650 1 _aDogs
_xFiction.
650 1 _aLoneliness
_xFiction.
650 1 _aOnly child
_xFiction.
700 1 _aDi Fiori, Lawrence,
_eillustrator
906 _a7
_bcbc
_corignew
_d1
_eocip
_f19
_gy-gencatlg
942 _2ddc
_cBK
_n0
999 _c8487
_d8487